| 000 | 00787nam a2200253Ia 4500 | ||
|---|---|---|---|
| 003 | OSt | ||
| 005 | 20220918223323.0 | ||
| 006 | a|||||r|||| 00| 0 | ||
| 007 | ta | ||
| 008 | 220917b |||||||| |||| 00| 0 eng d | ||
| 024 | _a221,909 | ||
| 037 | _cTextual | ||
| 040 |
_aARTS _cARTS _beng |
||
| 041 |
_2eng _aeng |
||
| 082 | _aO111,1Nx:g, P4 | ||
| 100 |
_aMukherji Priyadarsi _9145447 |
||
| 245 | 0 |
_aCross-cultural impressions _b Al Ch'ing, Pablo Neruda and Nicolas Guillen |
|
| 260 |
_aDelhi _bAuthors press _c2004 |
||
| 300 |
_axvi, 140p _ccm. |
||
| 650 | _aENGLISH LITERATURE | ||
| 700 |
_a Rio Aguirre Cristina Beatriz del _9145448 |
||
| 942 |
_hO111,1Nx:g, P4 _cTEXL _2CC |
||
| 999 |
_c278107 _d278107 |
||